Strategic writing multimedia writing for public relations, advertising and more
Gespeichert in:
| 1. Verfasser: | |
|---|---|
| Weitere Verfasser: | , |
| Format: | Buch |
| Sprache: | Englisch |
| Veröffentlicht: |
Boston
Pearson
2009
|
| Ausgabe: | 2nd ed. |
| Schlagworte: | |
| Tags: |
Keine Tags, Fügen Sie das erste Tag hinzu!
|
MARC
| LEADER | 00000nam a2200000 4500 | ||
|---|---|---|---|
| 001 | 0145003 | ||
| 005 | 20240306140009.8 | ||
| 020 | |a 978-0-205-59162-6 | ||
| 041 | 0 | |a eng | |
| 044 | |a US | ||
| 245 | 1 | 0 | |a Strategic writing |b multimedia writing for public relations, advertising and more |c Charles Marsh, David W. Guth, Bonnie Poovey Short |
| 250 | |a 2nd ed. | ||
| 264 | 1 | |a Boston |b Pearson |c 2009 | |
| 300 | |a viii, 264 s. | ||
| 610 | 2 | 0 | |a spracovanie textov |
| 610 | 2 | 0 | |a práca s verejnosťou |
| 610 | 2 | 0 | |a reklama |
| 610 | 2 | 0 | |a marketing |
| 610 | 2 | 0 | |a predaj |
| 610 | 2 | 0 | |a multimédiá |
| 610 | 2 | 0 | |a komunikácia |
| 610 | 2 | 0 | |a gramatika |
| 100 | 1 | |a Marsh, Charles | |
| 700 | 1 | |a Guth, David W. | |
| 700 | 1 | |a Short, Bonnie Poovey | |